Un buen trato periodístico para los malos tratos contra las mujeres: manual de tratamiento periodístico para los casos de violencia doméstica y sexual contra las mujeres y personas menores de edad.
Збережено в:
| Формат: | Текст |
|---|---|
| Опубліковано: |
San José:
SEM,
CIEM
|
| Редагування: | 2 |
| Предмети: | |
| Теги: |
Додати тег
Немає тегів, Будьте першим, хто поставить тег для цього запису!
|
MARC
| LEADER | 00000 a a2200000 04500 | ||
|---|---|---|---|
| 001 | 31995 | ||
| 003 | |||
| 040 | |||
| 090 | |a 200600 | ||
| 245 | |a Un buen trato periodístico para los malos tratos contra las mujeres: manual de tratamiento periodístico para los casos de violencia doméstica y sexual contra las mujeres y personas menores de edad. | ||
| 250 | |a 2 | ||
| 260 | |a San José: |b SEM, |c CIEM | ||
| 300 | |a 42 p. |b il. | ||
| 650 | |a VIOLENCIA CONTRA LAS MUJERES | ||
| 650 | |a VIOLENCIA INTRAFAMILIAR | ||
| 650 | |a NOTICIAS DE PRENSA | ||
| 650 | |a MEDIOS DE COMUNICACION DE MASAS | ||
| 999 | |c 15189 |d 15189 | ||
